[Event "Internet Section 06A g/8'+2\""]
[Site "Dos Hermanas"]
[Date "2004.03.06"]
[Round "9"]
[White "McCall, Shannon"]
[Black "Medina Chirinos, Javier Enrique"]
[Result "0-1"]
[WhiteElo "1441"]
[BlackElo "1662"]
[PlyCount "62"]
[EventDate "2004.03.06"]
[EventType "swiss (blitz)"]
[EventRounds "9"]
[EventCountry "ESP"]
[SourceTitle "CBM 099 Extra"]
[Source "ChessBase"]
[SourceDate "2004.05.04"]
[SourceVersion "1"]
[SourceVersionDate "2004.05.04"]
[SourceQuality "1"]

1. e4 c5 2. Nf3 Nc6 3. c3 e6 4. d4 cxd4 5. cxd4 Bb4+ 6. Bd2 Bxd2+ 7. Qxd2 d5 8. exd5 Qxd5 9. Nc3 Qf5 10. Bd3 Qh5 11. 0-0 Nf6 12. Ne4 Nxe4 13. Bxe4 0-0 14. Bxc6 bxc6 15. Rac1 Bb7 16. Qb4 Rab8 17. Ne5 c5 18. Rxc5 Bxg2 19. Nc6 Rxb4 20. Rxh5 Bxf1 21. Nxb4 Bc4 22. Ra5 h6 23. b3 Be2 24. Rxa7 Rc8 25. h3 Bf3 26. Kh2 h5 27. Rd7 h4 28. Nd3 Rc3 29. Ne1 Bd5 30. Kg1 Rxh3 31. Rc7 Rh1# 0-1